Fit for purpose rating scrapped (Record no. 72530)
[ view plain ]
| 000 -LEADER | |
|---|---|
| fixed length control field | 00724cam a2200193 4500 |
| 001 - CONTROL NUMBER | |
| control field | WB3915-09 |
| 008 - FIXED-LENGTH DATA ELEMENTS--GENERAL INFORMATION | |
| fixed length control field | 030423n2003 000 0 eng u |
| 035 ## - SYSTEM CONTROL NUMBER | |
| System control number | (Sirsi) u122066 |
| 245 ## - TITLE STATEMENT | |
| Title | Fit for purpose rating scrapped |
| 260 ## - PUBLICATION, DISTRIBUTION, ETC. | |
| Date of publication, distribution, etc. | 2003 |
| 490 ## - SERIES STATEMENT | |
| Series statement | Housing Today |
| Volume/sequential designation | (329) 17 April 2003, 8(1) |
| 520 ## - SUMMARY, ETC. | |
| Summary, etc. | The Government has downgraded the importance of the "fit for purpose" ratings for local authority housing strategies. These ratings were linked to funding. As only one council passed the test, in future, funding will be allocated by regional housing boards. |
| 590 ## - LOCAL NOTE (RLIN) | |
| Local note | WB |
| 650 ## - SUBJECT ADDED ENTRY--TOPICAL TERM | |
| Topical term or geographic name entry element | FITNESS FOR PURPOSE |
| 650 ## - SUBJECT ADDED ENTRY--TOPICAL TERM | |
| Topical term or geographic name entry element | REGIONAL HOUSING BOARDS |
| 650 ## - SUBJECT ADDED ENTRY--TOPICAL TERM | |
| Topical term or geographic name entry element | FUNDING |
| 690 ## - LOCAL SUBJECT ADDED ENTRY--TOPICAL TERM (OCLC, RLIN) | |
| Topical term or geographic name as entry element | HOUSING |
| 942 ## - ADDED ENTRY ELEMENTS (KOHA) | |
| Suppress in OPAC | 0 |
| Withdrawn status | Lost status | Source of classification or shelving scheme | Damaged status | Not for loan | Home library | Current library | Shelving location | Date acquired | Total Checkouts | Full call number | Barcode | Date last seen | Copy number | Price effective from | Koha item type |
|---|---|---|---|---|---|---|---|---|---|---|---|---|---|---|---|
| Dewey Decimal Classification | London | London | News article | 23/04/2003 | WB3915-09 | 122066-1001 | 06/08/2019 | 1 | 06/08/2019 | News article |